Images de Jeux Vidéos - Statistiques

Statistiques générales
  • Ce quiz a été pris 121 fois
  • Le résultat moyen est 6 sur 12
Statistiques - réponses
Par images Réponse % Correct
Clash of Clans
95%
Call of Duty: World at War
77%
Super Smash Bros Ultimate
76%
Mortal Kombat
74%
Zelda Breath of the Wild
52%
The Biding of Isaac: Repentance
49%
Skylanders: Trap Team
47%
Grand Theft Auto IV
43%
Super Mario Galaxy
36%
Balatro
35%
Bioshock
26%
Super Auto Pets
6%
Aucun quiz correspondant
Distribution des résultats
% des personnes avec chaque résultat
Percentile par nombre de réponses
Votre historique - résultats
Vous n’avez pas pris ce quiz